000 00410nam a22001577a 4500
003 OSt
005 20140310182025.0
008 130803t xxu||||| |||| 00| 0 eng d
020 _a9780439269971
050 _aPZ 7 .R579
_b 2004
082 _aKF
_bR95b 2004
245 _aBecoming Naomi Leon /
_cPam Munoz Ryan.
260 _aNew York :
_bScholastic,
_cc2004.
300 _a246 p. ;
942 _2lcc
_cBK-KF
_kKF
999 _c8446
_d8446